Pitching it Straight: Memoir of a Cricket Guru/ (Record no. 177237)

MARC details
000 -LEADER
fixed length control field 00676nam a22001937a 4500
005 - DATE AND TIME OF LATEST TRANSACTION
control field 20210215170839.0
010 ## - LCCN (DPL NO)
LC control number ENG-128981
020 ## - INTERNATIONAL STANDARD BOOK NUMBER
Terms of availability 399.00
International Standard Book Number 978-93-86473-88-2
035 ## - SYSTEM CONTROL NUMBER
System control number EN-112513
037 ## - SOURCE OF ACQUISITION
Source of stock number/acquisition DBAD/PUB
082 ## - DEWEY DECIMAL CLASSIFICATION NUMBER
Classification number 808.883
100 ## - MAIN ENTRY--PERSONAL NAME
Personal name Gurcharan Singh
245 ## - TITLE STATEMENT
Title Pitching it Straight: Memoir of a Cricket Guru/
Statement of responsibility, etc Gurcharan Singh and M S Unnikrishnan
260 ## - PUBLICATION, DISTRIBUTION, ETC. (IMPRINT)
Place of publication, distribution, etc New Delhi
Name of publisher, distributor, etc Vitasta Publishing Pvt. Ltd.
Date of publication, distribution, etc 2020
270 ## - ADDRESS
City New Delhi
Address 2/15, Ansari Roaad, Daryaganj
Postal code 110002
Electronic mail address info@vitastapublishing.com
300 ## - PHYSICAL DESCRIPTION
Extent xxi+185p.
Dimensions 22cm(hbk)
Other physical details Including Illustrations.
700 ## - ADDED ENTRY--PERSONAL NAME
Personal name Unnikrishnan, M S
942 ## - ADDED ENTRY ELEMENTS (KOHA)
Source of classification or shelving scheme Dewey Decimal Classification
Item type English Books
Classification part 808.883
Call number suffix GUR
Holdings
Withdrawn status Lost status Not for loan Collection code Home library Current library Date acquired Source of acquisition Cost, normal purchase price Full call number Barcode Copy number Cost, replacement price Koha item type
      Non-fiction Ashok Vihar Ashok Vihar 15/02/2021 DBAD/PUB 399.00 808.883 GUR EN-112513 1 399.00 English Books

© Delhi Public Library
Hit Counter
free hit counter